Estrategias del marketing deportivo: análisis del consumo deportivo

Na minha lista:
Detalhes bibliográficos
Autor principal: Desbordes, Michel (autor)
Outros Autores: Ohl, Fabien (autor), Tribou, Gary (autor)
Formato: Livro
Idioma:espanhol
Publicado em: Barcelona, España: Paidotribo, 2001.
Colecção:Colección Gestión y Administración Deportiva
Assuntos:
Tags: Adicionar Tag
Sem tags, seja o primeiro a adicionar uma tag!

MARC

LEADER 00000nam a2200000 a 4500
001 UCN6718
003 CL-VaPUC
005 20220920171358.0
008 011005e20010000SP |||||||||||||||||spa|d
020 |a 84-8019-540-X 
040 |c Pontificia Universidad Católica de Valparaíso 
082 0 4 |a 796.069 DES 2001  |2 21 
100 0 |a Desbordes, Michel  |e autor  |9 462476 
245 1 0 |a Estrategias del marketing deportivo: análisis del consumo deportivo 
260 |a Barcelona, España:  |b Paidotribo,  |c 2001. 
300 |a 553 páginas.  
490 0 |a Colección Gestión y Administración Deportiva 
583 |a last modification  |c 20011005 00:00:00  |k Rodrigo Vera 
650 0 |a Deportes  |9 224367 
650 7 |a Gestión deportiva   |2 CL-VaPUC  |9 462479 
650 0 |a Sociología del deporte  |2 CL-VaPUC  |9 310781 
650 0 |a Marketing  |9 259324  |x Deporte 
700 0 |a Ohl, Fabien  |e autor  |9 462477 
700 0 |a Tribou, Gary  |e autor  |9 462478 
942 |c BK  |2 ddc 
945 |d 20011005 00:00:00  |a cmena 
999 |c 297402  |d 297400 
952 |0 0  |1 0  |4 0  |6 796_069000000000000_DES_2001  |7 0  |8 A  |9 352108  |a BIBEDU  |b BIBEDU  |d 2019-11-21  |i 3751678  |o 796.069 DES 2001  |p 3751678  |r 2019-11-21  |w 2019-11-21  |y BK  |k EFI 
952 |0 0  |1 0  |4 0  |6 796_069000000000000_DES_2001  |7 0  |8 A  |9 352109  |a BIBEDU  |b BIBEDU  |d 2019-11-21  |i 3753387  |l 3  |o 796.069 DES 2001  |p 3753387  |r 2021-07-06  |s 2020-10-09  |w 2019-11-21  |y BK  |k EFI 
952 |0 0  |1 0  |4 0  |6 796_069000000000000_DES_2001  |7 0  |8 A  |9 352110  |a BIBEDU  |b BIBEDU  |d 2019-11-21  |i 4343107  |o 796.069 DES 2001  |p 4343107  |r 2019-11-21  |w 2019-11-21  |y BK  |k EFI 
952 |0 0  |1 0  |4 0  |6 796_069000000000000_DES_2001  |7 0  |8 A  |9 352111  |a BIBEDU  |b BIBEDU  |d 2019-11-21  |i 4343115  |o 796.069 DES 2001  |p 4343115  |r 2019-11-21  |w 2019-11-21  |y BK  |k EFI 
952 |0 0  |1 0  |2 ddc  |4 0  |6 796_069000000000000_DES_2001  |7 0  |8 A  |9 586693  |a BIBEDU  |b BIBEDU  |c GEN  |d 2022-09-12  |e 74  |g 47914.00  |i 5654668  |o 796.069 DES 2001  |p 5654668  |r 2022-09-12  |t 8  |v 47914.00  |w 2022-09-12  |y BK  |k EFI 
952 |0 0  |1 0  |2 ddc  |4 0  |6 796_069000000000000_DES_2001  |7 0  |8 A  |9 586694  |a BIBEDU  |b BIBEDU  |c GEN  |d 2022-09-12  |e 74  |g 47914.00  |i 5654665  |o 796.069 DES 2001  |p 5654665  |r 2022-09-12  |t 5  |v 47914.00  |w 2022-09-12  |y BK  |k EFI 
952 |0 0  |1 0  |2 ddc  |4 0  |6 796_069000000000000_DES_2001  |7 0  |8 A  |9 586695  |a BIBEDU  |b BIBEDU  |c GEN  |d 2022-09-12  |e 74  |g 47914.00  |i 5654667  |o 796.069 DES 2001  |p 5654667  |r 2022-09-12  |t 7  |v 47914.00  |w 2022-09-12  |y BK  |k EFI 
952 |0 0  |1 0  |2 ddc  |4 0  |6 796_069000000000000_DES_2001  |7 0  |8 A  |9 586696  |a BIBEDU  |b BIBEDU  |c GEN  |d 2022-09-12  |e 74  |g 47914.00  |i 5654666  |o 796.069 DES 2001  |p 5654666  |r 2022-09-12  |t 6  |v 47914.00  |w 2022-09-12  |y BK  |k EFI